DOCTOR IN LOVE (Record no. 81657)

MARC details
000 -LEADER
fixed length control field 00398nam a2200169Ia 4500
008 - FIXED-LENGTH DATA ELEMENTS--GENERAL INFORMATION
fixed length control field 090124s9999 xx 000 0 und d
082 ## - DEWEY DECIMAL CLASSIFICATION NUMBER
Item number 514
100 ## - MAIN ENTRY--PERSONAL NAME
Personal name GORDON RICHARD
245 ## - TITLE STATEMENT
Title DOCTOR IN LOVE
250 ## - EDITION STATEMENT
Edition statement 1
260 ## - PUBLICATION, DISTRIBUTION, ETC. (IMPRINT)
Name of publisher, distributor, etc JOSEPH MICHAEL LTD.
Date of publication, distribution, etc 1957
600 ## - SUBJECT ADDED ENTRY--PERSONAL NAME
Personal name GORDON RICHARD
630 ## - SUBJECT ADDED ENTRY--UNIFORM TITLE
Uniform title DOCTOR IN LOVE
700 ## - ADDED ENTRY--PERSONAL NAME
Personal name GORDON RICHARD
730 ## - ADDED ENTRY--UNIFORM TITLE
Uniform title DOCTOR IN LOVE
942 ## - ADDED ENTRY ELEMENTS (KOHA)
Koha item type Book
Holdings
Withdrawn status Lost status Damaged status Not for loan Home library Current library Date acquired Cost, normal purchase price Total Checkouts Full call number Barcode Date last seen Cost, replacement price Price effective from Koha item type
        Nagar Wachan Mandir, Thane Nagar Wachan Mandir, Thane   0.00   514 THNNWM-514 01/24/2009 0.00 01/24/2009 Book